000 01112nam0a2200289 4500
001 RU\NLR\bibl\1747478
005 20260407091246.0
010 _a978-5-9698-0360-2
_95000
021 _aRU
_b2011-11727
_9838
035 _a(NLR Aleph) 001738366
090 _a1443566
_c1443566
100 _a20110317d2010 |||y0rusy50 ca
101 0 _arus
102 _aRU
105 _aa |||||||||
200 1 _aOpel Corsa выпуска с 2006 года
_e[меняем сами: свечи, масло, колодки, предохранители, фильтры, лампы
_fИзд-во За рулем]
210 _aМосква
_cЗа рулем
_d2010
215 _a87 с.
_cил.
_d21
225 1 _aЭкономим на сервисе
606 1 _aOpel "Corsa", легковые автомобили
_xЭксплуатация
_92594360
_3RU\NLR\auth\661532973
686 _aО335.52-082"Opel"
712 0 2 _4570
_a"За рулем", издательство
_cМосква
_3RU\NLR\AUTH\8816011
_9305159
801 0 _aRU
_bNLR
_c20110317
_gRCR
801 1 _aRU
_bNLR
_c20110317
942 _cBOOK
980 _aNB